NBA Players by Animal Nickname - Statistics

General Stats
  • This quiz has been taken 45 times
  • The average score is 9 of 15
Answer Stats
Nickname Answer % Correct
Durantula Kevin Durant
100%
KAT Karl-Anthony Towns
98%
Black Mamba Kobe Bryant
98%
GOAT Michael Jordan
95%
Ant Anthony Edwards
93%
Spida Donovan Mitchell
88%
The Worm Dennis Rodman
78%
Unicorn Kristaps Porzingis
68%
White Mamba Brian Scalabrine
50%
Birdman Chris Andersen
45%
The Bosnian Bear Jusuf Nurkic
28%
The Dragon Goran Dragic
23%
Big Dog Glenn Robinson
20%
The Manimal Kenneth Faried
15%
Mad Dog Fred Carter
3%
No matching quizzes found
Score Distribution
Percent of People with Each Score
Percentile by Number Answered
Your Score History
You have not taken this quiz